000 00426 a2200145 4500
999 _c3491
_d3491
020 _a9780340961667
050 _aPN2287 PAR 2008
100 _aParkinson, Michael
_eauthor
245 _aParky :
_bmy autobiography /
_cMichael Parkinson
264 _aLondon
_bHodder & Stoughton
_c2008
300 _a384p. :
_bill. (col.)
500 _aIncludes index
650 _aAutobiography--Parkinson Michael
942 _2lcc
_cBK
_h2287
_iPAR
_kPN